000
00327pab a2200145 454500
008
180718b1987 xxu||||| |||| 00| 0 eng d
100
_a
Seth, J.C.
245
_a
Solid waste management
260
_c
1987
300
_a
25-32
362
_a
Jan.
650
_a
Waste, Utilization of
773
_a
Civic Affairs
909
_a
20560
999
_c
20560
_d
20560